|
|
|
|
| LEADER |
00000nab a2200000 a 4500 |
| 001 |
vtls000760999 |
| 003 |
SK-MaSNL |
| 005 |
20260318123815.0 |
| 008 |
141112c2000 xo 0 eng |
| 015 |
|
|
|a SNBRB2001/06-19806
|
| 035 |
|
|
|a CLN000112786
|
| 040 |
|
|
|a SNKBUCL
|b slo
|c SNKBUCL
|e AACR2
|
| 041 |
0 |
|
|a eng
|
| 044 |
|
|
|a xo
|c SK
|
| 080 |
|
|
|a 616.126-002:579.86:615.33
|2 1997
|
| 100 |
1 |
|
|a Marks, Peter
|4 aut
|9 1320007
|
| 245 |
1 |
0 |
|a Subacute bacterial endocarditis - a changing picture
|b review
|c Peter Marks
|
| 300 |
|
|
|b Tab.
|
| 504 |
|
|
|a Bibliogr. odkazy
|
| 650 |
0 |
7 |
|a infekčná endokarditída
|2 SNKPH
|9 66587
|
| 650 |
0 |
7 |
|a Streptococcus
|2 SNK
|9 1281564
|
| 650 |
0 |
7 |
|a antibiotiká
|2 SNKPH
|9 2424
|
| 650 |
0 |
7 |
|a literatúra
|2 SNKPH
|9 1427
|
| 650 |
0 |
7 |
|a primárna prevencia
|2 SNK
|9 506040
|
| 650 |
0 |
7 |
|a prognózy
|2 SNKPH
|9 3871
|
| 650 |
0 |
7 |
|a rizikové faktory
|2 SNK
|9 369994
|
| 650 |
0 |
7 |
|a bakteriálna endokarditída
|2 SNK
|9 20160
|
| 655 |
|
7 |
|a články z novín a časopisov
|2 SNK
|9 267496
|
| 773 |
0 |
|
|t Journal of health management and public health
|g Roč. 5, č. 4 (2000), s. 3-14
|x 1335-1885
|
| 850 |
|
|
|a Slovenská národná knižnica v Martine
|
| 852 |
|
|
|a SNK
|b KIS3GCP
|
| 958 |
|
|
|a MI
|
| 958 |
|
|
|a NB
|
| 999 |
|
|
|c 2659613
|d 2661543
|